FNF Character Quiz - Statistics

General Stats
  • This quiz has been taken 122 times
  • The average score is 6 of 9
Answer Stats
Picture Answer % Correct
Pico
98%
Daddy Dearest
89%
Skid and Pump
88%
Boyfriend
84%
Sky
84%
Mommy Mearest
80%
Monster
68%
Bambi
49%
Girfriend
9%
No matching quizzes found
Score Distribution
Percent of People with Each Score
Percentile by Number Answered
Your Score History
You have not taken this quiz